[Event "Suedschwaben-ch Seniors"]
[Site "Immenstadt"]
[Date "2013.02.16"]
[Round "3.8"]
[White "Boegner, Helmut"]
[Black "Koeberle, Adolf"]
[Result "1-0"]
[WhiteElo "1130"]
[BlackElo "812"]
[PlyCount "71"]
[EventDate "2013.02.15"]
[EventType "swiss"]
[EventRounds "6"]
[EventCountry "GER"]
[SourceTitle "EXT 2022"]
[Source "ChessBase"]
[SourceDate "2021.10.06"]
[SourceVersion "1"]
[SourceVersionDate "2021.10.06"]
[SourceQuality "1"]

1. d4 d5 2. c4 dxc4 3. Nc3 Be6 4. e4 f6 5. Qa4+ Qd7 6. Qxd7+ Nxd7 7. d5 Bf7 8. Bxc4 Nb6 9. Bb3 Bg6 10. Nge2 f5 11. Ng3 fxe4 12. Ngxe4 Nf6 13. f3 0-0-0 14. Nxf6 exf6 15. 0-0 Bb4 16. Rd1 Rhe8 17. Bf4 Rf8 18. Be3 Bf7 19. Bxb6 axb6 20. Kh1 Bxc3 21. bxc3 Rd6 22. c4 Rfd8 23. Kg1 Kb8 24. Kf2 R6d7 25. Ba4 Re7 26. Re1 Rxe1 27. Rxe1 Ka7 28. Re7 Bg6 29. Rxc7 Ka6 30. Bb5+ Ka5 31. d6 Be8 32. d7 Bf7 33. Rc8 Rxc8 34. dxc8Q Bxc4 35. Qxc4 g5 36. Qb4+ 1-0

[Event "Suedschwaben-ch Seniors"]
[Site "Immenstadt"]
[Date "2013.02.15"]
[Round "2.8"]
[White "Rascher, Helena"]
[Black "Koeberle, Adolf"]
[Result "1-0"]
[WhiteElo "1298"]
[BlackElo "812"]
[PlyCount "117"]
[EventDate "2013.02.15"]
[EventType "swiss"]
[EventRounds "6"]
[EventCountry "GER"]
[SourceTitle "EXT 2022"]
[Source "ChessBase"]
[SourceDate "2021.10.06"]
[SourceVersion "1"]
[SourceVersionDate "2021.10.06"]
[SourceQuality "1"]

1. e4 e5 2. Bc4 d6 3. Nf3 Nf6 4. d3 Nc6 5. a3 Bg4 6. h3 Be6 7. Bxe6 fxe6 8. Be3 b6 9. Nc3 a6 10. 0-0 Be7 11. Bg5 h6 12. Bxf6 Bxf6 13. Nh2 Qd7 14. Qh5+ Ke7 15. Ng4 Qe8 16. Nxf6 gxf6 17. Qxe8+ Raxe8 18. Ne2 Nd4 19. Nxd4 exd4 20. f4 e5 21. Rac1 Rhg8 22. c3 c5 23. cxd4 exd4 24. b4 Rc8 25. Rfe1 Rc7 26. e5 dxe5 27. fxe5 Kf7 28. exf6 Kxf6 29. Rf1+ Ke7 30. Rce1+ Kd6 31. Rf6+ Kd7 32. Rxb6 Ra8 33. Rxh6 a5 34. Rh7+ Kc6 35. Rxc7+ Kxc7 36. bxc5 Kc6 37. Rb1 Kxc5 38. a4 Re8 39. Rb5+ Kc6 40. Rxa5 Re3 41. Kf2 Rxd3 42. Ke2 Re3+ 43. Kd2 Ra3 44. h4 Kb6 45. Ra8 Rg3 46. a5+ Kc5 47. a6 Rxg2+ 48. Ke1 d3 49. a7 Re2+ 50. Kd1 Ra2 51. Rc8+ Kd4 52. a8Q Rxa8 53. Rxa8 Ke3 54. h5 d2 55. h6 Kd3 56. h7 Ke3 57. h8Q Kd3 58. Rd8+ Ke3 59. Qe5+ 1-0

[Event "Suedschwaben-ch Seniors"]
[Site "Immenstadt"]
[Date "2012.04.01"]
[Round "3.10"]
[White "Boegner, Helmut"]
[Black "Koeberle, Adolf"]
[Result "1-0"]
[WhiteElo "1130"]
[BlackElo "812"]
[PlyCount "75"]
[EventDate "2012.03.31"]
[EventType "swiss"]
[EventRounds "6"]
[EventCountry "GER"]
[SourceTitle "EXT 2022"]
[Source "ChessBase"]
[SourceDate "2021.10.06"]
[SourceVersion "1"]
[SourceVersionDate "2021.10.06"]
[SourceQuality "1"]

1. d4 d5 2. c4 dxc4 3. e3 b5 4. g3 Nf6 5. Bg2 c6 6. Nf3 Bd7 7. 0-0 e6 8. Qe2 Be7 9. Rd1 Nd5 10. Nc3 0-0 11. e4 Nxc3 12. bxc3 Re8 13. Ne5 f6 14. Nxd7 Nxd7 15. d5 exd5 16. exd5 c5 17. Qg4 Ne5 18. Qf5 Qc8 19. Qxc8 Raxc8 20. f4 Ng4 21. d6 Rcd8 22. Ba3 Rxd6 23. Rxd6 Bxd6 24. Bc6 Rb8 25. Rd1 Be7 26. Rd7 Bf8 27. Rxa7 b4 28. cxb4 cxb4 29. Bc1 Nh6 30. Bd5+ Nf7 31. Bxf7+ Kh8 32. Rc7 c3 33. Bb3 Rd8 34. Kf1 Rd1+ 35. Bxd1 g6 36. Bb3 f5 37. Be3 Bg7 38. Rc8+ 1-0